000 00282nam a22001337a 4500
008 171005b xxu||||| |||| 00| 0 eng d
020 _a9781572591400
041 _aeng
080 _a159.9
100 _a48
101 _aPSI
245 _aPSYCHOLOGY
_cHOCKENBURY
942 _2udc
_cBK
999 _c31868
_d31868